[Event "Relampago R-035 corr"]
[Site "CXV corr"]
[Date "2001.07.17"]
[Round "?"]
[White "Prado, Mauricio"]
[Black "Lima da Silva, Antonio Carlos"]
[Result "1-0"]
[WhiteElo "1959"]
[BlackElo "1491"]
[PlyCount "67"]
[EventDate "2001.??.??"]
[EventType "tourn (corr)"]
[EventRounds "6"]
[EventCountry "BRA"]
[SourceTitle "Corr 2004"]
[Source "ChessBase"]
[SourceDate "2003.04.28"]
[SourceVersion "3"]
[SourceVersionDate "2003.04.28"]
[SourceQuality "1"]

1. e4 e5 2. Nf3 Nc6 3. d4 exd4 4. Nxd4 Nf6 5. Nxc6 bxc6 6. e5 Qe7 7. Qe2 Nd5 8. c4 Nb6 9. Nc3 Qe6 10. Qe4 d5 11. exd6 Bxd6 12. Bd3 Qxe4+ 13. Bxe4 Bb7 14. b3 0-0 15. 0-0 Rfe8 16. Bb2 Be5 17. Rfe1 Nd7 18. Rad1 Rad8 19. Bf5 Bd6 20. Rxe8+ Rxe8 21. Bxd7 Rd8 22. Bg4 h6 23. c5 Be7 24. Rxd8+ Bxd8 25. Ne4 Kh7 26. f4 Be7 27. Bd4 Ba6 28. Bd7 Bb7 29. Nd2 g6 30. Nc4 f5 31. Na5 Ba8 32. Bxc6 Bxc6 33. Nxc6 Bf8 34. Nxa7 1-0

[Event "Relampago R-035 corr"]
[Site "CXV corr"]
[Date "2001.06.23"]
[Round "?"]
[White "Lima, Paulo Roberto"]
[Black "Lima da Silva, Antonio Carlos"]
[Result "1-0"]
[WhiteElo "1548"]
[BlackElo "1501"]
[PlyCount "59"]
[EventDate "2001.??.??"]
[EventType "tourn (corr)"]
[EventRounds "6"]
[EventCountry "BRA"]
[SourceTitle "Corr 2004"]
[Source "ChessBase"]
[SourceDate "2003.04.28"]
[SourceVersion "3"]
[SourceVersionDate "2003.04.28"]
[SourceQuality "1"]

1. d4 d5 2. c4 dxc4 3. e3 e5 4. Bxc4 exd4 5. exd4 Nf6 6. Nf3 Bd6 7. 0-0 0-0 8. Bg5 h6 9. Bh4 Bd7 10. Ne5 Nc6 11. Bxf6 gxf6 12. Qh5 fxe5 13. Qg6+ Kh8 14. Qxh6+ Kg8 15. Bd3 f5 16. Bc4+ Rf7 17. Qg6+ Kh8 18. Bxf7 Qh4 19. g3 Qh7 20. Qf6+ Qg7 21. dxe5 Nxe5 22. Qh4+ Qh7 23. Qxh7+ Kxh7 24. Bd5 c6 25. Bb3 Kg6 26. Rd1 Bc5 27. Kg2 Rd8 28. Nc3 b5 29. Rd2 Ng4 30. Rad1 1-0